000 01027nam a22002297a 4500
005 20140708114614.0
008 110414q2006 ck gr 00010 spa d
020 _a9789589828236
041 0 _aspa
044 _ack
082 0 4 _a615.882
_bP19t
100 1 _aPantoja-Cuero, Juan Orlando.
_924740
245 1 0 _aTras el conocimiento ancestral afrocolombiano :
_bencuentros de saberes en medicina tradicional del pacífico caucano
_ccoordinación general y autores Juan Orlando Pantoja Cuero, Edyd Luisa Torres Cuero, Dionisio Rodríguez Paz.
246 _aMemorias:
_bencuentros e intercambios de saberes en medicina tradicional en comunidades negras del Pacífico Departamento del Cauca
260 _aBogoá
_bAsociación Junpro,
_c2006.
300 _a134 p. :
_bil. ;
_c28 cm.
504 _aIncluye bibliografía.
650 _aMedicina popular
_z Cauca (Colombia)
_924741
650 4 _aMedicina folclórica
_z Cauca (Colombia)
_924742
650 4 _aMedicina y religión
_z Cauca (Colombia)
_924743
942 _2ddc
_cImpreso
999 _c8526
_d8526